| 000 | 00739nam a22002537a 4500 | ||
|---|---|---|---|
| 003 | CHAP | ||
| 005 | 20220329135502.0 | ||
| 008 | 971013s r 00010 d | ||
| 010 | _a37383 | ||
| 011 | _a38355 | ||
| 035 | _a42475 | ||
| 040 | _cCHAP | ||
| 090 | _aR-1372 | ||
| 100 | 0 | 0 |
_aMeyer, Hans Arthur. _975288 |
| 245 | _aStructure and growth of uneven-aged forests | ||
| 500 | _aSobretiro de: Meyer, H.A. Forest mensuration (s.p.i) pp. 317-333 | ||
| 590 |
_aBATCH-UPD _b10 _c20130110 _lUCH01 _h1743 |
||
| 590 |
_aCONVERSION _b10 _c20130109 _lUCH01 _h1321 |
||
| 650 | 1 | 4 |
_aBosques _xIncrementos. _914234 |
| 650 | 1 | 4 |
_aBosques _xInventarios. _914240 |
| 901 | _aBK | ||
| 942 | _cREIMP | ||
| 949 |
_aR-1372 _bBC _cR _d-97832 _eTS1 _i42475 _si |
||
| 999 |
_c37383 _d37383 |
||